FC 24 TOTW 5 - Statistics

General Stats
  • This quiz has been taken 10 times
  • The average score is 7 of 18
Answer Stats
rat pos club player % Correct
TOTW 90 CB Liverpool Virgil van Dijk
100%
TOTW 89 CAM Manchester United Bruno Fernandes
89%
TOTW 87 RW US Sassuolo Domenico Berardi
78%
TOTW 84 RB Marseille Jonathan Clauss
56%
TOTW 81 LW Fulham Callum Wilson
44%
TOTW 81 LM Bologna Jesper Karlsson
44%
TOTW 82 CAM Paris Saint-Germain Lee Kang-In
44%
TOTW 82 RW Sevilla Dodi Lukébakio
33%
TOTW 80 CDM Fenerbahçe İsmail Yüksek
33%
TOTW 80 CB Everton Women Megan Finnigan
33%
TOTW 86 LM OL Reign Megan Rapinoe
33%
TOTW 81 CF SC Freiburg Roland Sallai
33%
TOTW 80 GK Empoli Etrit Berisha
22%
TOTW 82 CM SL Benfica Fredrik Aursnes
22%
TOTW 80 ST Ajax Georges Mikautadze
22%
TOTW 84 CB SL Benfica Nicolás Otamendi
22%
TOTW 80 LWB TSG Hoffenheim Robert Skov
22%
TOTW 80 ST CD Leganés Miguel de la Fuente
0%
No matching quizzes found
Score Distribution
Percent of People with Each Score
Percentile by Number Answered
Your Score History
You have not taken this quiz